[Event "Toronto NAYCC U10"]
[Site "Toronto"]
[Date "2013.08.14"]
[Round "1"]
[White "Baradaran, Arman"]
[Black "Klement, Ido"]
[Result "1-0"]
[WhiteElo "1832"]
[BlackElo "1130"]
[PlyCount "49"]
[EventDate "2013.08.14"]
[EventType "swiss"]
[EventRounds "9"]
[EventCountry "CAN"]
[SourceTitle "EXT 2022"]
[Source "ChessBase"]
[SourceDate "2021.10.06"]
[SourceVersion "1"]
[SourceVersionDate "2021.10.06"]
[SourceQuality "1"]

1. d4 d5 2. c4 e6 3. Nc3 Bb4 4. a3 Bxc3+ 5. bxc3 Nc6 6. Nf3 Nf6 7. Bg5 b6 8. Ne5 Bb7 9. f3 Nb8 10. e3 c6 11. Bd3 Na6 12. 0-0 c5 13. Qa4+ Kf8 14. cxd5 Nc7 15. dxe6 Nxe6 16. Bxf6 Qxf6 17. Nd7+ Kg8 18. Nxf6+ gxf6 19. Qd7 Bc8 20. Qc6 Rb8 21. Bc4 Bb7 22. Qd6 Rd8 23. Qe7 Bc8 24. Qxf6 Kf8 25. Qxh8+ 1-0